Về trường hợp làm chết tử tù trên đường đến pháp trường /
Enregistré dans:
| Auteur principal: | |
|---|---|
| Format: | Article |
| Langue: | Vietnamese |
| Sujets: | |
| Tags: |
Ajouter un tag
Pas de tags, Soyez le premier à ajouter un tag!
|
| Thư viện lưu trữ: | Thư viện Trường Đại học Đà Lạt |
|---|
| LEADER | 00759nam a2200265 4500 | ||
|---|---|---|---|
| 001 | DLU100109057 | ||
| 005 | ##20100610 | ||
| 040 | # | # | |a DLU |b vie |
| 041 | # | # | |a vie |
| 044 | # | # | |a vn |
| 100 | # | # | |a Hồ Bá Võ. |
| 245 | # | # | |a Về trường hợp làm chết tử tù trên đường đến pháp trường / |c Hồ Bá Võ. |
| 653 | # | # | |a Tử hình |
| 653 | # | # | |a Tử tù |
| 653 | # | # | |a Thi hành án |
| 773 | # | # | |t Tạp chí Toà án nhân dân |g Số8(15), 2008, tr. 40-41 |
| 920 | # | # | |a Phòng Tạp chí -- Trung tâm Thông tin - Thư viện Trường Đại học Đà Lạt |
| 994 | # | # | |a DLU |
| 900 | # | # | |a True |
| 911 | # | # | |a Nguyễn Thị Linh Chi |
| 925 | # | # | |a G |
| 926 | # | # | |a A |
| 927 | # | # | |a BB |
| 980 | # | # | |a Thư viện Trường Đại học Đà Lạt |